Posibles aplicaciones de las técnicas de simulación a la investigación agraria /,

Guardado en:
Autor Principal: España Inia
Formato: Libro
Publicado: Madrid : Instituto Nacional de Investigaciones Agrarias, 1980
Materias:
Etiquetas: Agregar Etiqueta
Sin Etiquetas, Sea el primero en etiquetar este registro!
LEADER 00556nam a22001695a 4500
001 CEM.cems017033
005 20110420162401.0
008 130507s1980##################000#0#####d
003 CEMS
082 0 4 |a DAR 
100 1 |a España Inia 
245 1 0 |a Posibles aplicaciones de las técnicas de simulación a la investigación agraria /, 
260 |a Madrid :  |b Instituto Nacional de Investigaciones Agrarias,  |c 1980 
300 |a 62 p. 
500 |a Dado de baja 
653 |a Ecosistema-simulación 
859 |a CEMS  |b BIB. CEMS - Agricultura  |h DAR  |i DE  |p A11097.82  |t Ej.1  |v BAJA  |3 BAJA